000 00315nam a2200109 a 4500
008 101216s1996|||| d
245 1 0 _aJak předcházet problémum s návykovými látkami na základních a středních školách
020 _c10
044 _aCZ
041 _acze
260 _aPraha
_c1996
_bSportpropag
999 _c14299
_d14299